000 01277nam0a22002531 4500
001 rc\1130793
005 20041126174623.5
035 _a(NLR Aleph) 006372382
090 _a5008857
_c5008857
100 _a20041126d1981 u |0rusy50 ca
101 0 _arus
102 _aRU
105 _aa |||||||||
200 1 _aНормативный учет прямых материальных и трудовых затрат в условиях АСУ машиностроительными предприятиями
_f[Сост. А.М. Эйдинов к. э. н., А.Д. Карбышев к. э. н., Л.В. Либерман и др.]
210 _aМ.
_cГОСИНТИ
_d1981
215 _a33 с.
_cсхем.
_d22
225 1 _aМежотраслевые вопросы науки и техники
_eОбзор. информ.
_fОб-ние по руководству НТИ и пропагандой в РСФСР при Гос. ком. СССР по науке и технике, Гос. НИИ науч. и техн. информ.
_vВып. 2
320 _aБиблиогр.: с. 33
702 1 _aЭйдинов
_bА. М.
_gАлександр Матвеевич
_4220
801 0 _aRU
_bNLR
_gpsbo
801 1 _aRU
_bELAR
_2rusmarc
852 _aNLR
_jП10/5488
942 _cBOOK
980 _aNB